000 01374cam a2200229 4500
001 ABS67987
008 040726n2004 000 0 eng u
035 _a(Sirsi) u126927
245 4 _aThe medium-term outlook
260 _c2004
490 _aBuilding
_v269(8339) 2 July 2004, 63-71(9)
520 _aExamines the latest UK construction forecast produced by Experian Business Strategies. Notes that there has been a slowdown in growth from the high levels achieved in 2003 for the construction industry, according to first quarter figures for 2004. For the next two years the gap between construction growth and GDP is likely to narrow as the industry will grow by 3.4% this year before dropping to 2.7% in 2005 and rising to 3% in 2006. This growth level conceals an uneven picture for the various sectors; all public sector construction is likely to witness large increases in output fuelled by high government spending while commercial construction is still subdued by the quiet office market sector in London and southeast England. With summaries for output and orders including regional figures.
590 _aABS
590 _aABS
650 _aCONSTRUCTION FORECASTS
650 _aEXPERIAN
650 _aPUBLIC SECTOR
650 _aCONSTRUCTION OUTPUT
650 _aGOVERNMENT SPENDING
690 _aBUILDING AND CONSTRUCTION-ECONOMICS
942 _n0
999 _c117772
_d117772